LEADER 01127nam0-22003491i-450- 001 990003073860403321 010 $a0-631-20855-0 035 $a000307386 035 $aFED01000307386 035 $a(Aleph)000307386FED01 035 $a000307386 100 $a20000920d1997----km-y0itay50------ba 101 0 $aita 102 $aIT 200 1 $aEuropean Economic Integration$fEdited by Christophe Deissenberg, Robert F.Owen and David Ulph. 210 $aOxford$cBSSil Blackwell$d1997. 215 $a147 p.$d24 cm 300 $aPublished as a special supplement to Review of International Economics, Volume 5 Issue 4 610 0 $aIntegrazione economica regionale$aEuropa 610 0 $aMercato del lavoro$aUnione europea 610 0 $aUnione monetaria europea e sistemi fiscali 702 1$aDeissenberg,$bChristopher 702 1$aOwen,$bRobert$f<1771-1858> 702 1$aUlph,$bDavid 801 0$aIT$bUNINA$gRICA$2UNIMARC 901 $aBK 912 $a990003073860403321 952 $aO/1.2430 DEI$b18211$fSES 959 $aSES 996 $aEuropean economic integration$956140 997 $aUNINA DB $aING01 LEADER 00958nam 2200265z- 450 001 9910438223803321 005 19911003093132.9 010 $a1-56091-134-4 035 $a(CKB)4920000000059346 035 $a(EXLCZ)994920000000059346 100 $a20191013c1991uuuu -u- - 101 0 $aeng 200 00$aUtility vehicle design handbook /$fedited by John F. Hoelzle, O.C. Amrhyn, Gary A. McAlexander ; prepared under the auspices of the SAE Utilities Committee 210 $cSAE International 606 $aIndustrial power trucks$xDesign and construction 615 0$aIndustrial power trucks$xDesign and construction. 676 $a629.225 701 0$aHoelzle$b John F$01234612 701 0$aAmrhyn$b O. C$01234613 701 0$aMcAlexander$b Gary A$01234614 712 02$aSociety of Automotive Engineers.$bUtilities Committee. 906 $aBOOK 912 $a9910438223803321 996 $aUtility vehicle design handbook$92867918 997 $aUNINA